| 000 | 00951nam a2200217 a 4500 | ||
|---|---|---|---|
| 001 | 000026207 | ||
| 005 | 20240410073846.0 | ||
| 008 | 110304s1963 dr 000 0 spa d | ||
| 040 |
_aDO-SdBNP _bspa _cBNPHU |
||
| 082 |
_a923.27293 _bR696p |
||
| 100 | 1 |
_aRodríguez Demorizi, Emilio, _d1908-1986 _91039 |
|
| 245 | 1 | 0 |
_aPróceres de la restauración : _bnoticias biográficas / _cEmilio Rodríguez Demorizi. |
| 260 |
_aSanto Domingo : _bAcademia Dominicana de la Historia, _c1963. |
||
| 300 |
_a354 p. ; _c24 cm. |
||
| 490 | 1 |
_aAcademia Dominicana de la Historia. Centenario de la restauración de la República _v12 |
|
| 500 | _aIncluye índice de personas y de lugares | ||
| 651 | 4 |
_aRepública Dominicana _xBiografías _91325 |
|
| 651 | 0 |
_aRepública Dominicana -- _xHistoria -- _y1844-1930 _91009 |
|
| 830 | 0 |
_aAcademia Dominicana de la Historia. Centenario de la restauración de la República _n12 _953218 |
|
| 910 | _aValidado. Control de calidad MFF | ||
| 999 |
_c25699 _d25699 |
||